| 000 | 00924nam a2200205Ia 4500 | ||
|---|---|---|---|
| 005 | 20240530110940.0 | ||
| 008 | 140319s2021 ua dhf f 000 0 ara d | ||
| 017 |
_a2020/19752 _bمصر. دار الكتب |
||
| 020 | _a9789776840164 | ||
| 040 |
_aGCL / _cGCL |
||
| 082 | 0 | 4 |
_221 _a728 _bق/س ع |
| 100 | 0 | _aسهام احمد اسماعيل بحر | |
| 245 | 1 | 0 |
_aعمران وعمائر بلدة القصر بالواحات الداخلة فى ضوء الاحكام الفقهية : _bدراسة اثرية معمارية تحليلية / _cسهام احمد اسماعيل بحر |
| 260 |
_aالاسكندرية : _bدار الوفاء لدنيا الطباعة و النشر، _c2021. |
||
| 300 |
_a812 ص. : _bايض ؛ _c24 سم. |
||
| 650 | 0 | 7 | _aالعمارة الاسلامية |
| 651 | 0 | 7 |
_aالواحات الداخلة _xالعمارة |
| 942 |
_2ddc _cBK |
||
| 999 |
_c66806 _d66806 |
||